| 000 | 00640nam a2200205 a 4500 | ||
|---|---|---|---|
| 005 | 20140311163023.0 | ||
| 008 | 070925s19uu xx 00 eng d | ||
| 020 | _a9780071118187 | ||
| 050 |
_aLB 1057 _b.Sa262 2006 |
||
| 100 | _aSantrock, John W. | ||
| 245 |
_aEducational psychology : _bclassroom update: preparing for PRAXIS and practice / _cJohn W. Santrock. |
||
| 260 |
_aU.S.A : _bMcGraw-Hill, _c2006. |
||
| 300 |
_a553 p. ; _bill. col. ; _c27 cm. |
||
| 521 | _aPSYCH | ||
| 650 | _aEducational Psychology. | ||
| 650 | _aLearning, Psychology of. | ||
| 650 | _aMotivation in education. | ||
| 942 |
_cBK _2lcc _kFOR |
||
| 999 |
_c39497 _d39497 |
||